Responses for Show #8972 - Tuesday, November 14, 2023

2023 Champions Wildcard Clubs quarterfinal game 4.

Contestants

[<< previous game]

Emily White, a marketing manager from Wilmington, Delaware

Brandon Deutsch, a law student from Long Beach, California

Nick Cascone, an orthopedic physician assistant originally from Queens, New York

[next game >>]

Jeopardy! Round responses

ANCIENT TIMES
CANNES PALME D'OR WINNERS
INSECTS
ALSO A BEVERAGE
A WORLD OF CRAFTS, NO WAR
TALK CLEANLY TO ME
    $200 1
Dionysus

Nick
    $200 11
(Ken: You got all five, well done, you're in the lead.)
[Applause]

Pulp

Brandon
    $200 6
a fly

Brandon
    $200 23
sprite

Triple Stumper
    $200 24
origami

Nick
    $200 28
pure

Emily
    $400 2
Rhodes

Nick
    $400 10
sex, lies

Brandon
    $400 16
termites

Nick
    $400 18
a punch

Nick
    $400 25
soldering

Brandon
    $400 12
neat

Nick
    $600 3
Buddhism

Nick
    $600 9
Dark

Brandon
    $600 15
a centipede

Nick
    $600 20
Milk

Brandon
    $600 26
a stencil

Nick
    $2,600 13
(Ken: Nick?)
(Nick: Can't think of it.)

chaste

Nick
    $800 4
pagan

Triple Stumper
    $800 7
Concubine

Brandon
    $800 17
boll weevils

Brandon
    $800 21
juice

Nick
    $800 27
(Nick: What is collage?)

découpage

Nick
Triple Stumper
    $800 14
immaculate

Brandon
    $1000 5
Cheops (Khufu)

Nick
    $1000 8
Blue

Brandon
    $1000 19
a gizzard

Emily
    $1000 22
a smoothie

Triple Stumper
    $1000 30
crochet

Emily
    $1000 29
tidy

Nick

Scores at the first commercial break (after clue 15):

Nick Brandon Emily
$600 $4,000 $0

Scores at the end of the Jeopardy! Round:

Nick Brandon Emily
$3,200 $5,800 $2,200

Double Jeopardy! Round responses

'90s MUSIC
QUICK CITIES
BABY BOOKS
CARL SAGAN
BILLIONS & BILLIONS
OF "STAR"s
    $400 5
(Brandon: Who is Shania Twain?)

Sheryl Crow

BrandonEmily
    $400 27
Buenos Aires

Brandon
    $400 26
The Princess Bride

Nick
    $400 8
Cornell

Brandon
    $400 23
a cubic millimeter

Nick
    $400 24
a starting gate

Emily
    $800 4
(Ken: Whoa! How soon we forget; that's Chris Gaines' alter ego, [*].)

Garth Brooks

Triple Stumper
    $800 28
Manila

Nick
    $800 18
Spike Lee

Brandon
    $800 9
oceans

Nick
    $800 15
spam texts

Emily
    $800 16
the Star of Bethlehem

Nick
    $1200 6
(Ken: Yeah, the band was originally called Mookie Blaylock.)

Pearl Jam

Emily
    $1200 1
Barcelona

Triple Stumper
    $1200 11
Midwife

Triple Stumper
    $1200 10
Cosmos

Emily
    $1200 14
the Aswan

Brandon
    $1200 19
a starfish

Emily
    $1600 7
the Dixie Chicks (The Chicks)

Nick
    $2,200 2
(Ken: Emily?)
(Emily: What is Seattle?)

Vancouver

Emily
    $1600 29
(Emily: Who is Elizabeth Bennet?)
...
(Ken: Different Darcy here, that's [*]'s baby.)

Bridget Jones

Emily
Triple Stumper
    $1600 21
Voyager

Nick
    $1600 13
a nanosecond

Emily
    $1600 20
(Emily: What is Jefferson Starship?)
...
(Emily: Oh, "Jefferson-less", yeah.)

Starship

NickEmily
    $2000 12
(Ken: [*] forever, yes.)

Wu-Tang Clan

Emily
    $2000 3
Lagos

Brandon
    $2000 30
Tar Baby

Triple Stumper
    $5,000 22
nuclear winter

Nick
    $2000 17
the Franco-Prussian War

Brandon
    $2000 25
Stars and Stripes

Nick

Scores at the end of the Double Jeopardy! Round:

Nick Brandon Emily
$18,200 $12,200 $5,600

[wagering suggestions for these scores]

Final Jeopardy! Round responses

HISTORIC OBJECTS
(Ken: [To Emily] The engraving is from Leviticus 25:10, "Proclaim liberty throughout all the land unto all the inhabitants thereof".)
...
(Ken: [To Brandon] Thanks for coming back, we loved having you.)
EmilyWhat is the Liberty Bell?
$5,600
BrandonWhat is Thank you!!
$199
NickWhat is the Liberty Bell? Love you guys!
$6,201
the Liberty Bell

Final scores:

Nick Brandon Emily
$24,401 $12,001 $11,200
Winner: semifinalist 2nd place: $5,000 3rd place: $5,000

Game dynamics:

Coryat scores:

Nick Brandon Emily
$17,800 $12,200 $7,800
22 R
(including 1 DD),
2 W
(including 1 DD)
16 R,
1 W
11 R,
3 W
(including 1 DD)

Combined Coryat: $37,800

[game clues] [game scores] [suggest correction]

Game tape date: 2023-10-17
The J! Archive is created by fans, for fans. Scraping, republication, monetization, and malicious use prohibited; this site may use cookies and collect identifying information. See terms. The Jeopardy! game show and all elements thereof, including but not limited to copyright and trademark thereto, are the property of Jeopardy Productions, Inc. and are protected under law. This website is not affiliated with, sponsored by, or operated by Jeopardy Productions, Inc. Join the discussion at JBoard.tv.